Hebrews : (Record no. 34432)
[ view plain ]
| 000 -LEADER | |
|---|---|
| fixed length control field | 00713nam a2200181 4500 |
| 008 - FIXED-LENGTH DATA ELEMENTS--GENERAL INFORMATION | |
| fixed length control field | 100629s1985 mau 001 0 eng |
| 020 ## - INTERNATIONAL STANDARD BOOK NUMBER | |
| International Standard Book Number | 0934575036 :USD15.56 |
| 090 ## - LOCALLY ASSIGNED LC-TYPE CALL NUMBER (OCLC); LOCAL CALL NUMBER (OCLC) | |
| Classification number (OCLC) (R) ; Classification number, CALL (RLIN) (NR) | BS2775.2 |
| Local cutter number (OCLC) ; Book number/undivided call number, CALL (RLIN) | L24c |
| -- | c.3 |
| 100 1# - MAIN ENTRY--PERSONAL NAME | |
| Personal name | Lane, William L., |
| Dates associated with a name | 1931- |
| 245 10 - TITLE STATEMENT | |
| Title | Hebrews : |
| Remainder of title | a call to commitment / |
| Statement of responsibility, etc | by William L. Lane. |
| 260 ## - PUBLICATION, DISTRIBUTION, ETC. (IMPRINT) | |
| Place of publication, distribution, etc | Massachusetts : |
| Name of publisher, distributor, etc | Hendrickson, |
| Date of publication, distribution, etc | 1985. |
| 300 ## - PHYSICAL DESCRIPTION | |
| Extent | 184 p. ; |
| Dimensions | 21 cm. |
| 500 ## - GENERAL NOTE | |
| General note | Includes index. |
| 500 ## - GENERAL NOTE | |
| General note | Reprinted from the edition originally title : Call to committment : responding to the message of Hebrews. |
| 630 04 - SUBJECT ADDED ENTRY--UNIFORM TITLE | |
| Uniform title | Bible. |
| Name of part/section of a work | N.T. |
| -- | Hebrews |
| General subdivision | Criticism, interpretation, etc. |
| 951 ## - EQUIVALENCE OR CROSS-REFERENCE-GEOGRAPHIC NAME/AREA NAME [OBSOLETE] [CAN/MARC only] | |
| General subdivision | 00039321 |
| 951 ## - EQUIVALENCE OR CROSS-REFERENCE-GEOGRAPHIC NAME/AREA NAME [OBSOLETE] [CAN/MARC only] | |
| -- | 33838 |
| -- | GCBS2775.2/L24c/c.3 |
| -- | 100629145341625 |
| -- | 2000-12-21 |
| -- | GC |
| Withdrawn status | Lost status | Damaged status | Not for loan | Home library | Current library | Shelving location | Date acquired | Accession number | Shelving control number | Total Checkouts | Full call number | Barcode | Date last seen | Price effective from | Koha item type |
|---|---|---|---|---|---|---|---|---|---|---|---|---|---|---|---|
| BSOP Library | BSOP Library | GC | 12/21/2000 | 33838 | 127 | GCBS2775.2/L24c/c.3 | 00039321 | 02/23/2013 | 02/23/2013 | Books |
